Statistieken voor Top 15 landen met Covid-19 sterfgevallen - 4 januari

Klik hier om de quiz te nemen!

Algemene statistieken

  • Deze quiz is 6 keer genomen
  • De gemiddelde score is 13 van 23

Antwoordstatistieken

land% Correct
Brazilië
100%
Duitsland
100%
Frankrijk
100%
India
100%
Italië
100%
Rusland
100%
Verenigde Staten
100%
Mexico
83%
Spanje
83%
Argentinië
67%
België
67%
Verenigd Koninkrijk
67%
Iran
50%
Zuid-Afrika
50%
Kroatië
33%
Tsjechië
33%
Bosnië en
Herzegovina
17%
Bulgarije
17%
Colombia
17%
Hongarije
17%
Peru
17%
Noord-Macedonië
0%
Slovenië
0%

Scoreverdeling

Percentiel versus Aantal Correcte Antwoorden

Procent van Mensen met Elke Score

Uw Scoregeschiedenis

U heeft deze quiz nog niet genomen